[Event "XIII Magistral de Elgoibar"]
[Site "Elgoibar"]
[Date "2003.12.07"]
[Round "5.5"]
[White "Gomez Esteban, Juan Mario"]
[Black "Paunovic, Dragan"]
[Result "1/2-1/2"]
[WhiteElo "2465"]
[BlackElo "2504"]
[PlyCount "143"]
[EventDate "2003.12.03"]

1. d4 Nf6 2. c4 g6 3. g3 Bg7 4. Bg2 O-O 5. Nc3 d6 6. Nf3 c6 7. O-O Qa5 8. e4 e5
9. Re1 Bg4 10. d5 cxd5 11. cxd5 Nbd7 12. h3 Bxf3 13. Qxf3 Rfc8 14. Bd2 a6 15.
h4 Rc4 16. Bf1 Rd4 17. Be3 h5 18. a3 Ng4 19. Bh3 Ndf6 20. Bxd4 exd4 21. Na2 Qb5
22. Nb4 Ne5 23. Qd1 a5 24. Bf1 Qb6 25. Nd3 Nfd7 26. Kg2 a4 27. Qc2 Nxd3 28.
Bxd3 Nc5 29. Rad1 Rc8 30. Qe2 Re8 31. Qc2 Re7 32. Re2 Rc7 33. Qd2 Qb3 34. Rc1
Re7 35. Bc4 Qb6 36. f3 Kh7 37. Qb4 Qa7 38. Rd1 b5 39. Qxb5 Rb7 40. Qc6 Rb6 41.
Qc8 Rb8 42. Qh3 d3 43. Bxd3 Bxb2 44. g4 Be5 45. gxh5 Rg8 46. Kh1 Qb7 47. Rb1
Qe7 48. Bc2 Qf6 49. Rg2 gxh5 50. Rxg8 Kxg8 51. Rg1+ Kf8 52. Qc8+ Ke7 53. Qh3
Qf4 54. Rd1 Qe3 55. Qg2 Qxa3 56. Qg5+ Bf6 57. Qxh5 Qc3 58. Bb1 a3 59. Qg4 Qb3
60. f4 Nd7 61. e5 dxe5 62. d6+ Kf8 63. Rg1 Qd5+ 64. Kh2 Qd2+ 65. Kh3 Qxd6 66.
Rd1 Qc6 67. Qf5 Qf3+ 68. Kh2 Qf2+ 69. Kh1 Qf3+ 70. Kg1 Qg3+ 71. Kf1 Qf3+ 72.
Kg1 1/2-1/2

[Event "XIII Magistral de Elgoibar"]
[Site "Elgoibar"]
[Date "2003.12.08"]
[Round "6.1"]
[White "Argandona Rivero, Inigo"]
[Black "Paunovic, Dragan"]
[Result "1/2-1/2"]
[WhiteElo "2344"]
[BlackElo "2504"]
[PlyCount "89"]
[EventDate "2003.12.03"]

1. d4 g6 2. Nf3 Bg7 3. c4 Nf6 4. Nc3 O-O 5. e4 d6 6. Be3 Ng4 7. Bg5 h6 8. Bh4
c5 9. dxc5 g5 10. Bg3 dxc5 11. Qxd8 Rxd8 12. Nd5 Nc6 13. O-O-O Be6 14. Be2 Nf6
15. Nc7 Rac8 16. Nxe6 fxe6 17. Nd2 Nd4 18. Rhe1 Rd7 19. e5 Nh7 20. Bg4 Nf5 21.
Ne4 Rd4 22. Rxd4 cxd4 23. b3 Nf8 24. Nd2 Kh7 25. Bf3 b6 26. Be4 Nd7 27. f4 Kg8
28. Bxf5 exf5 29. Nf3 Nc5 30. Rd1 gxf4 31. Bxf4 Ne6 32. g3 b5 33. Nxd4 Nxd4 34.
Rxd4 Kf7 35. Kd2 bxc4 36. Rxc4 Rd8+ 37. Ke3 Rd5 38. Rc6 Bxe5 39. Bxh6 Bd4+ 40.
Kf3 Bb6 41. Ke2 Re5+ 42. Kd2 Rd5+ 43. Ke2 Re5+ 44. Kd2 Rd5+ 45. Ke2 1/2-1/2

[Event "XIII Magistral de Elgoibar"]
[Site "Elgoibar"]
[Date "2003.12.08"]
[Round "6.2"]
[White "Perez, Rodney"]
[Black "Gomez Esteban, Juan Mario"]
[Result "1/2-1/2"]
[WhiteElo "2449"]
[BlackElo "2465"]
[PlyCount "33"]
[EventDate "2003.12.03"]

1. e4 c6 2. d3 d5 3. Nd2 e5 4. Ngf3 Bd6 5. Be2 Nf6 6. c3 O-O 7. O-O Nbd7 8. Re1
Qc7 9. Bf1 b6 10. b3 Bb7 11. Bb2 Rfe8 12. h3 c5 13. exd5 Bxd5 14. Ne4 Be7 15.
Nfd2 Bc6 16. d4 Bf8 17. Nxf6+ 1/2-1/2

[Event "XIII Magistral de Elgoibar"]
[Site "Elgoibar"]
[Date "2003.12.08"]
[Round "6.3"]
[White "Korneev, Oleg"]
[Black "Conquest, Stuart"]
[Result "1-0"]
[WhiteElo "2559"]
[BlackElo "2545"]
[PlyCount "101"]
[EventDate "2003.12.03"]

1. e4 e6 2. d4 d5 3. Nc3 dxe4 4. Nxe4 Bd7 5. Nf3 Bc6 6. Bd3 Nd7 7. O-O Ngf6 8.
Ng3 Be7 9. c4 O-O 10. Bf4 Bxf3 11. Qxf3 c6 12. Rad1 Re8 13. h4 Qa5 14. a3 e5
15. b4 Qc7 16. dxe5 Nxe5 17. Bxe5 Qxe5 18. Rfe1 Qc7 19. Nf5 Rad8 20. g4 Bf8 21.
g5 Rxe1+ 22. Rxe1 Ne8 23. c5 Qd7 24. Bc4 Nc7 25. Kg2 Ne6 26. Re4 Re8 27. Qg4
Qd8 28. Bxe6 Rxe6 29. Rxe6 fxe6 30. Nd4 Qd5+ 31. Kg1 Kf7 32. Qf4+ Kg8 33. Qe3
Kf7 34. Nf3 Qf5 35. Ne5+ Kg8 36. Kg2 Be7 37. Qd4 Bf8 38. Kg3 Be7 39. f4 Qb1 40.
Nf3 Bf8 41. Qc4 Qf5 42. Ne5 a6 43. a4 Be7 44. a5 h6 45. Qd4 hxg5 46. hxg5 Qb1
47. Nf3 Qb3 48. Qd7 Bf8 49. g6 e5 50. fxe5 Qd5 51. e6 1-0

[Event "XIII Magistral de Elgoibar"]
[Site "Elgoibar"]
[Date "2003.12.08"]
[Round "6.4"]
[White "Saldano, Horacio"]
[Black "Cifuentes Parada, Roberto"]
[Result "1-0"]
[WhiteElo "2424"]
[BlackElo "2501"]
[PlyCount "65"]
[EventDate "2003.12.03"]

1. e4 c5 2. Nf3 e6 3. d4 cxd4 4. Nxd4 Nf6 5. Nc3 Nc6 6. Ndb5 d6 7. Bf4 e5 8.
Bg5 a6 9. Na3 b5 10. Bxf6 gxf6 11. Nd5 f5 12. c3 Bg7 13. exf5 Bxf5 14. Nc2 O-O
15. Nce3 Be6 16. g3 b4 17. Bg2 bxc3 18. bxc3 Rc8 19. Qh5 f5 20. O-O Ne7 21.
Rad1 Rc5 22. Rd2 e4 23. Rfd1 Nxd5 24. Nxd5 Qe8 25. Qg5 Kh8 26. Nf4 d5 27. Nxd5
Qf7 28. Nf4 Bxa2 29. Rxa2 Qxa2 30. Rd7 Rf7 31. Rd8+ Bf8 32. Qh6 Kg8 33. Ne6 1-0

[Event "XIII Magistral de Elgoibar"]
[Site "Elgoibar"]
[Date "2003.12.03"]
[Round "7.1"]
[White "Gonzalez de la Torre, Santiago"]
[Black "Argandona Rivero, Inigo"]
[Result "1-0"]
[WhiteElo "2365"]
[BlackElo "2344"]
[PlyCount "39"]
[EventDate "2003.12.03"]

1. Nf3 d5 2. c4 e6 3. g3 dxc4 4. Bg2 Nd7 5. O-O Ngf6 6. Qc2 Nb6 7. Na3 Bxa3 8.
bxa3 Bd7 9. Ne5 Ba4 10. Qc3 Nfd5 11. Qd4 Qf6 12. Bb2 Rd8 13. Rac1 O-O 14. f4
Nxf4 15. Qxf4 Qxf4 16. Rxf4 Rxd2 17. Nxc4 Nxc4 18. Rfxc4 Rxb2 19. Rxa4 c6 20.
Kf2 1-0

[Event "XIII Magistral de Elgoibar"]
[Site "Elgoibar"]
[Date "2003.12.03"]
[Round "7.2"]
[White "Cifuentes Parada, Roberto"]
[Black "Perez Candelario, Manuel"]
[Result "0-1"]
[WhiteElo "2501"]
[BlackElo "2463"]
[PlyCount "120"]
[EventDate "2003.12.03"]

1. d4 d5 2. c4 e6 3. Nf3 Nf6 4. Nc3 Nbd7 5. Bg5 c6 6. e3 Qa5 7. Nd2 Bb4 8. Qc2
O-O 9. Be2 e5 10. O-O exd4 11. Nb3 Qc7 12. Nxd4 Bxc3 13. bxc3 h6 14. Bh4 Qa5
15. cxd5 Qxd5 16. Bf3 Qc5 17. Rad1 Nh7 18. Nb3 Qe5 19. Bg3 Qf6 20. Rd6 Qe7 21.
Rd4 Ne5 22. Be2 Nf6 23. h3 Re8 24. Rfd1 b6 25. f4 Ng6 26. Bf3 Bb7 27. Bf2 c5
28. Rd6 Be4 29. Qe2 Bxf3 30. Qxf3 Ne4 31. Rd7 Qf6 32. Be1 Nf8 33. R7d5 Re6 34.
c4 Rae8 35. Kh2 Qb2 36. f5 R6e7 37. Bh4 f6 38. Nc1 Nc3 39. R5d2 Qb4 40. Re1
Qxc4 41. e4 Nxe4 42. Rde2 Ng5 43. Bxg5 Rxe2 44. Rxe2 Rxe2 45. Nxe2 hxg5 46. Nc3
Qd4 47. Nd5 Qe5+ 48. Kh1 c4 49. a4 Nd7 50. Nc3 Nc5 51. Qa8+ Kh7 52. Qf3 Nd3 53.
Nd5 Nf4 54. Ne3 c3 55. g3 Nd3 56. h4 Ne1 57. Qe2 Qe4+ 58. Kg1 Nf3+ 59. Kf2 g4
60. a5 Nd4 0-1

[Event "XIII Magistral de Elgoibar"]
[Site "Elgoibar"]
[Date "2003.12.03"]
[Round "7.3"]
[White "Conquest, Stuart"]
[Black "Saldano, Horacio"]
[Result "1-0"]
[WhiteElo "2545"]
[BlackElo "2424"]
[PlyCount "53"]
[EventDate "2003.12.03"]

1. d4 d5 2. c4 c6 3. Nf3 Nf6 4. Nc3 dxc4 5. a4 Bf5 6. Nh4 Bd7 7. g3 c5 8. d5 e6
9. e4 exd5 10. exd5 Qe7+ 11. Be2 Bh3 12. Bf4 Na6 13. Qd2 Nb4 14. d6 Nd3+ 15.
Qxd3 cxd3 16. dxe7 dxe2 17. exf8=Q+ Rxf8 18. Kxe2 O-O-O 19. Rhe1 Rde8+ 20. Be3
Re6 21. Nf3 Bg4 22. h3 Bxh3 23. Ng5 Bg4+ 24. f3 Re5 25. Kf2 h6 26. Bf4 Ree8 27.
Nb5 1-0

[Event "XIII Magistral de Elgoibar"]
[Site "Elgoibar"]
[Date "2003.12.03"]
[Round "7.4"]
[White "Gomez Esteban, Juan Mario"]
[Black "Korneev, Oleg"]
[Result "1/2-1/2"]
[WhiteElo "2465"]
[BlackElo "2559"]
[PlyCount "27"]
[EventDate "2003.12.03"]

1. d4 d5 2. c4 dxc4 3. Nf3 Nf6 4. e3 a6 5. Bxc4 e6 6. O-O b5 7. Bd3 c5 8. a4 b4
9. Qe2 Bb7 10. Nbd2 Nc6 11. dxc5 Bxc5 12. Nb3 Bd6 13. Rd1 O-O 14. e4 1/2-1/2

[Event "XIII Magistral de Elgoibar"]
[Site "Elgoibar"]
[Date "2003.12.03"]
[Round "7.5"]
[White "Paunovic, Dragan"]
[Black "Perez, Rodney"]
[Result "1-0"]
[WhiteElo "2504"]
[BlackElo "2449"]
[PlyCount "103"]
[EventDate "2003.12.03"]

1. c4 e5 2. Nc3 d6 3. g3 g6 4. Bg2 Bg7 5. d3 Nf6 6. Nf3 O-O 7. O-O Nc6 8. Rb1
a5 9. a3 h6 10. b4 axb4 11. axb4 Be6 12. b5 Ne7 13. Bb2 Qd7 14. Ra1 Bh3 15. Qb3
Bxg2 16. Kxg2 Nh5 17. Rxa8 Rxa8 18. Ra1 Rxa1 19. Bxa1 c6 20. Bb2 Kh7 21. bxc6
bxc6 22. Qb8 c5 23. Bc1 f5 24. e4 Nf6 25. Bd2 Qc6 26. Qb1 Qa6 {(=)} 27. Qc2 Qb7
28. Nd5 Nexd5 29. cxd5 Qb5 30. Be3 fxe4 31. dxe4 Nd7 32. Nd2 Nb6 33. Qb3 Qa6
34. h4 h5 35. Qd1 Bh6 36. Bxh6 Kxh6 37. Nf3 Nd7 38. Ng5 Nf6 39. Qb1 Nh7 40. Ne6
Qc8 41. Qc1+ g5 42. Nxg5 Kg6 43. Nxh7 Kxh7 44. Qg5 c4 45. Qxh5+ Kg8 46. Qg5+
Kh8 47. Qh5+ Kg8 48. Qg6+ Kh8 49. Qxd6 c3 50. Qxe5+ Kg8 51. d6 c2 52. Qd5+ 1-0

[Event "XIII Magistral de Elgoibar"]
[Site "Elgoibar"]
[Date "2003.12.03"]
[Round "8.1"]
[White "Argandona Rivero, Inigo"]
[Black "Perez, Rodney"]
[Result "1/2-1/2"]
[WhiteElo "2344"]
[BlackElo "2449"]
[PlyCount "22"]
[EventDate "2003.12.03"]

1. d4 d5 2. c4 c6 3. cxd5 cxd5 4. Nc3 Nf6 5. Bf4 Nc6 6. e3 a6 7. Bd3 Bg4 8.
Nge2 e6 9. Rc1 Be7 10. f3 Bh5 11. O-O Bg6 1/2-1/2

[Event "XIII Magistral de Elgoibar"]
[Site "Elgoibar"]
[Date "2003.12.03"]
[Round "8.2"]
[White "Korneev, Oleg"]
[Black "Paunovic, Dragan"]
[Result "1/2-1/2"]
[WhiteElo "2559"]
[BlackElo "2504"]
[PlyCount "69"]
[EventDate "2003.12.03"]

1. e4 c5 2. Nf3 e6 3. d4 a6 4. c3 d5 5. exd5 exd5 6. Bd3 Nc6 7. O-O cxd4 8.
Re1+ Be7 9. cxd4 Nf6 10. Nc3 O-O 11. h3 h6 12. Bf4 Be6 13. Qd2 Re8 14. Rad1 Bf8
15. Bb1 Rc8 16. Ne5 Na5 17. a3 b5 18. Qd3 Nc4 19. Nxc4 Rxc4 20. Be5 Be7 21.
Bxf6 Bxf6 22. Qh7+ Kf8 23. Ba2 Rxd4 24. Nxd5 g6 25. Rxd4 Bxd4 26. Qxh6+ Kg8 27.
Qd2 Bxd5 28. Rxe8+ Qxe8 29. Bxd5 Qe5 30. Bb7 Bxb2 31. Bxa6 Bxa3 32. Qd3 Bc5 33.
Bxb5 Qe1+ 34. Qf1 Bxf2+ 35. Kh1 1/2-1/2

[Event "XIII Magistral de Elgoibar"]
[Site "Elgoibar"]
[Date "2003.12.03"]
[Round "8.3"]
[White "Saldano, Horacio"]
[Black "Gomez Esteban, Juan Mario"]
[Result "1-0"]
[WhiteElo "2424"]
[BlackElo "2465"]
[PlyCount "65"]
[EventDate "2003.12.03"]

1. e4 c5 2. Nf3 d6 3. d4 cxd4 4. Nxd4 Nf6 5. Nc3 a6 6. g3 e5 7. Nde2 b5 8. Bg2
Nbd7 9. h3 Be7 10. O-O O-O 11. g4 b4 12. Nd5 Nxd5 13. exd5 Bg5 14. Ng3 Bxc1 15.
Qxc1 a5 16. a3 Rb8 17. axb4 axb4 18. b3 Nc5 19. f4 Qb6 20. Kh2 exf4 21. Qxf4
Rb7 22. Rae1 f6 23. Ne4 Nxe4 24. Rxe4 Bd7 25. g5 f5 26. Rc4 Re8 27. Rc6 Bxc6
28. dxc6 Rbe7 29. Qxf5 Qd8 30. g6 hxg6 31. Qxg6 d5 32. Rf4 Re2 33. Rf7 1-0

[Event "XIII Magistral de Elgoibar"]
[Site "Elgoibar"]
[Date "2003.12.03"]
[Round "8.4"]
[White "Perez Candelario, Manuel"]
[Black "Conquest, Stuart"]
[Result "0-1"]
[WhiteElo "2463"]
[BlackElo "2545"]
[PlyCount "126"]
[EventDate "2003.12.03"]

1. e4 g6 2. d4 Bg7 3. Nc3 c6 4. Be3 d5 5. e5 f6 6. f4 Nh6 7. Nf3 Bg4 8. h3 Bxf3
9. Qxf3 fxe5 10. fxe5 Rf8 11. Qe2 Nf5 12. Bf2 e6 13. h4 Qb6 14. O-O-O Nd7 15.
g4 Ne7 16. Be3 O-O-O 17. h5 Rf7 18. Qd2 Kb8 19. Be2 Qa5 20. h6 Bh8 21. Rhf1
Rdf8 22. Rxf7 Rxf7 23. Nb1 Qxa2 24. b4 a5 25. c3 Qa4 26. Qb2 axb4 27. cxb4 Qa7
28. Rd3 Qb6 29. Nd2 Rf8 30. Nf3 Ng8 31. Ra3 Qd8 32. Qa2 Nb6 33. Ra7 Re8 34. Qa5
Ne7 35. Bg5 Qc7 36. Bxe7 Rxe7 37. Nd2 Bxe5 38. dxe5 Rf7 39. Kd1 Rf2 40. Qa1 c5
41. Ra2 Rf4 42. Rc2 Rxb4 43. Qa5 Ra4 44. Qc3 d4 45. Qb2 Nd5 46. Nc4 Qd8 47. Bd3
Qg5 48. Rf2 Qxg4+ 49. Kd2 Qg5+ 50. Ke2 Ra2 51. Rf8+ Kc7 52. Rf7+ Kd8 53. Qxa2
Nc3+ 54. Kf1 Nxa2 55. Nd6 Qc1+ 56. Kg2 Qd2+ 57. Kg1 Qxd3 58. Rxh7 Qg3+ 59. Kh1
Qh3+ 60. Kg1 Qg3+ 61. Kh1 d3 62. Rh8+ Kd7 63. h7 Qh3+ 0-1

[Event "XIII Magistral de Elgoibar"]
[Site "Elgoibar"]
[Date "2003.12.03"]
[Round "8.5"]
[White "Gonzalez de la Torre, Santiago"]
[Black "Cifuentes Parada, Roberto"]
[Result "1/2-1/2"]
[WhiteElo "2365"]
[BlackElo "2501"]
[PlyCount "80"]
[EventDate "2003.12.03"]

1. e4 c5 2. Nf3 e6 3. d4 cxd4 4. Nxd4 Nf6 5. Nc3 Nc6 6. g3 Qb6 7. Nb3 Bb4 8.
Bg2 Qa6 9. Bg5 h6 10. Bxf6 gxf6 11. Qf3 Ke7 12. O-O-O d6 13. Nd5+ exd5 14. exd5
Ne5 15. Qe4 Ba5 16. f4 f5 17. Qe3 Bb6 18. Qe1 f6 19. fxe5 fxe5 20. Kb1 Qc4 21.
Rf1 Qg4 22. Rf4 Qg5 23. c4 Bd7 24. c5 Kf6 25. Rc4 dxc5 26. Nxc5 Bb5 27. Rcc1
Rac8 28. Qb4 Be2 29. h4 Qe3 30. Nd7+ Kf7 31. a4 Bd3+ 32. Rxd3 Qxd3+ 33. Ka2 Qd4
34. Qd6 Qxa4+ 35. Kb1 Rxc1+ 36. Kxc1 Rc8+ 37. Kb1 Qd1+ 38. Ka2 Qa4+ 39. Kb1
Qc2+ 40. Ka2 Qa4+ 1/2-1/2

[Event "XIII Magistral de Elgoibar"]
[Site "Elgoibar"]
[Date "2003.12.11"]
[Round "9.1"]
[White "Cifuentes Parada, Roberto"]
[Black "Argandona Rivero, Inigo"]
[Result "1/2-1/2"]
[WhiteElo "2501"]
[BlackElo "2344"]
[PlyCount "124"]
[EventDate "2003.12.03"]

1. d4 Nf6 2. Nf3 g6 3. c4 Bg7 4. Nc3 O-O 5. e4 d6 6. Be2 e5 7. O-O Nbd7 8. Be3
Re8 9. d5 Nh5 10. g3 Bf8 11. b4 Ng7 12. Rc1 f5 13. Qc2 Nf6 14. Nd2 fxe4 15.
Ncxe4 Nxe4 16. Nxe4 Nf5 17. Qd2 Nxe3 18. Qxe3 Bf5 19. Bd3 a5 20. b5 Bxe4 21.
Bxe4 b6 22. h4 Qf6 23. Kg2 Re7 24. Qe2 Bh6 25. Rc3 Rf8 26. Rf3 Qg7 27. Rxf8+
Qxf8 28. h5 g5 29. Rd1 Rf7 30. Rd3 Qe7 31. Rf3 Rxf3 32. Qxf3 Bf8 33. Qf5 h6 34.
Qc8 Qg7 35. Bf5 Kh8 36. Kf3 Qf7 37. Ke4 Kg7 38. Bg6 Qe7 39. Be8 Kf6 40. f3 Kg7
41. a4 Kh8 42. Bd7 Qh7+ 43. Bf5 Qe7 44. Bg6 Kg7 45. Kf5 Qf6+ 46. Kg4 Qe7 47.
Be4 Kh8 48. Qf5 Kg8 49. Qg6+ Bg7 50. Bf5 Kf8 51. Be6 Qf6 52. Qh7 Ke7 53. Qg8
Bf8 54. Qh7+ Bg7 55. Qe4 Kd8 56. Qf5 Ke7 57. Bc8 Qxf5+ 58. Kxf5 g4 59. Kg6 Bf6
60. Kxh6 gxf3 61. Kg6 e4 62. Bg4 Be5 1/2-1/2

[Event "XIII Magistral de Elgoibar"]
[Site "Elgoibar"]
[Date "2003.12.03"]
[Round "9.2"]
[White "Conquest, Stuart"]
[Black "Gonzalez de la Torre, Santiago"]
[Result "1-0"]
[WhiteElo "2545"]
[BlackElo "2365"]
[PlyCount "71"]
[EventDate "2003.12.03"]

1. d4 d5 2. c4 c6 3. Nf3 Nf6 4. Nc3 e6 5. e3 Nbd7 6. Bd3 dxc4 7. Bxc4 b5 8. Be2
Bb7 9. O-O Bd6 10. e4 e5 11. Bg5 O-O 12. Rc1 Qb8 13. dxe5 Nxe5 14. Bxf6 Nxf3+
15. Bxf3 gxf6 16. g3 Rd8 17. Bg2 Bf8 18. Qg4+ Bg7 19. Nd1 Qe5 20. Ne3 Bc8 21.
Qe2 f5 22. Rfd1 Be6 23. exf5 Bxa2 24. Bxc6 Rxd1+ 25. Rxd1 Rb8 26. b4 Bb3 27.
Rd7 Qc3 28. Bd5 Qc1+ 29. Kg2 Qc8 30. Rxa7 Bxd5+ 31. Nxd5 Qc4 32. Qf3 Rd8 33.
Ne7+ Kh8 34. f6 Bh6 35. Ra8 Qc7 36. Qd5 1-0

[Event "XIII Magistral de Elgoibar"]
[Site "Elgoibar"]
[Date "2003.12.03"]
[Round "9.3"]
[White "Gomez Esteban, Juan Mario"]
[Black "Perez Candelario, Manuel"]
[Result "1-0"]
[WhiteElo "2465"]
[BlackElo "2463"]
[PlyCount "57"]
[EventDate "2003.12.03"]

1. d4 e6 2. e4 d5 3. Nd2 dxe4 4. Nxe4 Nd7 5. Nf3 Ngf6 6. Nxf6+ Nxf6 7. c3 Be7
8. Bd3 O-O 9. Qe2 b6 10. Bg5 Bb7 11. O-O-O Qd5 12. Kb1 Rad8 13. Rhe1 Qa5 14.
Ne5 h6 15. Bd2 c5 16. c4 Qa4 17. dxc5 bxc5 18. Bc2 Qa6 19. Bc3 Rfe8 20. f4 Qb6
21. Rxd8 Rxd8 22. g4 Nd7 23. g5 Nxe5 24. Bxe5 hxg5 25. fxg5 Bxg5 26. Rg1 f6 27.
Qh5 Qa5 28. Bc3 Qc7 29. Rxg5 1-0

[Event "XIII Magistral de Elgoibar"]
[Site "Elgoibar"]
[Date "2003.12.03"]
[Round "9.4"]
[White "Paunovic, Dragan"]
[Black "Saldano, Horacio"]
[Result "0-1"]
[WhiteElo "2504"]
[BlackElo "2424"]
[PlyCount "82"]
[EventDate "2003.12.03"]

1. Nf3 Nf6 2. g3 d5 3. Bg2 g6 4. O-O Bg7 5. c4 O-O 6. cxd5 Nxd5 7. Nc3 Nc6 8.
Ng5 Nb6 9. d3 h6 10. Nge4 e5 11. a4 a5 12. Be3 Nd4 13. Nb5 Nd5 14. Bd2 c6 15.
Nxd4 exd4 16. Qc1 Kh7 17. Qc4 Qe7 18. Bf3 Bh3 19. Rfc1 f5 20. Nc5 f4 21. Ne4
fxg3 22. hxg3 Qe5 23. Qc5 Rxf3 24. exf3 Qf5 25. Kh2 Qxf3 26. Kxh3 Rf8 27. Qxf8
Bxf8 28. Kh2 Qxd3 29. Re1 Bb4 30. Rad1 Qb3 31. Bxb4 Qxb4 32. b3 d3 33. f3 Qxb3
34. Nf2 Qxa4 35. Rxd3 Qc2 36. Kg1 g5 37. Rdd1 Qc3 38. Rb1 b5 39. Kg2 Ne3+ 40.
Kg1 Nf5 41. Kg2 Nd4 0-1

[Event "XIII Magistral de Elgoibar"]
[Site "Elgoibar"]
[Date "2003.12.03"]
[Round "9.5"]
[White "Perez, Rodney"]
[Black "Korneev, Oleg"]
[Result "1/2-1/2"]
[WhiteElo "2449"]
[BlackElo "2559"]
[PlyCount "36"]
[EventDate "2003.12.03"]

1. e4 e5 2. Nf3 Nc6 3. Nc3 Nf6 4. Bb5 Nd4 5. Nxd4 exd4 6. e5 dxc3 7. exf6 Qxf6
8. dxc3 Qe5+ 9. Qe2 Qxe2+ 10. Bxe2 d5 11. Bf4 c6 12. c4 Be6 13. cxd5 Bxd5 14.
O-O Be6 15. Rfe1 O-O-O 16. Bd3 Bd6 17. Bxd6 Rxd6 18. h4 h6 1/2-1/2